Kaʾs al-ḥikma.

محفوظ في:

المؤلف الرئيسي: Naẓīm, Abū al-Wafāʾ Maḥmūd Ramzī, 1889-1959.

التنسيق: كتاب

اللغة: Arabic

منشور في: S.l. : s.n., 1335/[1917].

الوسوم: إضافة وسم

لا توجد وسوم, كن أول من يضع وسما على هذه التسجيلة!

رقم الطلب: PJ7852 .N34 K3

LEADER 00451nam a22001697a 4500
003 OSt
005 20251110121145.0
008 251110t1917 xx 000 0 ara
040 |c ARCE Library 
050 1 4 |a PJ7852 .N34  |b K3 
100 1 |a Naẓīm, Abū al-Wafāʾ Maḥmūd Ramzī,   |d 1889-1959. 
245 1 0 |a Kaʾs al-ḥikma. 
264 1 |a S.l. :   |b s.n.,   |c 1335/[1917]. 
300 |a 112 p. ;   |c 19 cm. 
901 |a reviewed 
942 |2 lcc  |c BK 
999 |c 57820  |d 57820